000 00574nam a22001817a 4500
003 UA-OsUOA
001 16271
007 ta
008 20031224b un ||||| |||| 00| 0 ukr d
100 _aПогонська В.
942 _cSA
040 _aUA-OsUOA
_cUA-OsUOA
_dUA-OsUOA
245 _aРозмірено, виважено , але й з емоціями
_b[Про 14 сесію Рівнен. міськради]
300 _aС.3
955 _a0
773 0 _w0
_tСім днів
_dРівне
_d2003
_g№44/31 жовт./
650 7 _aКраєзнавча робота
_2UDC
999 _c302436
_d302436